Assistència psiquiàtrica pública 1979-1989 / Roser Pérez Simó
Descripción Física:
2 v. ; 30 cm
Materias:
Assistència psiquiàtrica -- Catalunya
MARC
| LEADER | 00000nam a2200000Ia 4500 | ||
|---|---|---|---|
| 001 | 17377, 17378 | ||
| 008 | 160829s9999 xx 000 0 cat d | ||
| 080 | |a S-1-245, S-1-246 | ||
| 100 | |a Pérez Simó, Roser |9 8364 | ||
| 245 | |a Assistència psiquiàtrica pública 1979-1989 / Roser Pérez Simó | ||
| 260 | |a [Barcelona] : |b Diputació de Barcelona, [199?] | ||
| 300 | |a 2 v. ; |c 30 cm | ||
| 590 | |a Conté: v. 1: Promunitari del pla d'assistència psiquàtrica de la Diputació de Barcelona; v. 2: El servei de psiquiatria de l'Àrea de Sanitat de la Diputació de Barcelona. | ||
| 590 | |a Clínica Mental de Santa Coloma de Gramanet. | ||
| 590 | |a Escola Emili Mira i López. | ||
| 590 | |a Integració a les estructures sanitàries | ||
| 650 | |a Assistència psiquiàtrica |x Catalunya |9 23900 | ||
| 901 | |a Arxiu | ||
| 942 | |n 1 | ||
| 952 | |0 0 |1 0 |4 0 |6 S1245_S1246 |7 1 |9 42912 |a Arxiu |b Arxiu |d 2016-12-01 |l 0 |o S-1-245, S-1-246 |p 17377, 17378 |r 2016-12-01 00:00:00 |w 2016-12-01 |y ARXIU | ||
| 999 | |c 45418 |d 45418 | ||